Seguridad e higiene industrial, prevención de riesgos
Guardat en:
| Format: | Llibre |
|---|---|
| Idioma: | espanyol |
| Publicat: |
Santiago
Lexis Nexis
2007
Santiago Legal Publishing 2007 |
| Edició: | 1a. ed |
| Matèries: | |
| Etiquetes: |
Afegir etiqueta
Sense etiquetes, Sigues el primer a etiquetar aquest registre!
|
MARC
| LEADER | 00000nam a2200000 a 4500 | ||
|---|---|---|---|
| 001 | UCI3837 | ||
| 003 | CL-VaPUC | ||
| 008 | 071130e20070000cl |||||||||||||||||spa|d | ||
| 020 | |a 9789562387088 | ||
| 082 | 0 | 4 | |a 344.0465 |b SEG |2 21 |
| 245 | 1 | 0 | |a Seguridad e higiene industrial, prevención de riesgos |
| 250 | |a 1a. ed | ||
| 300 | |a 554 p | ||
| 942 | |c BK | ||
| 945 | |d 20071130 00:00:00 |a jtorresc | ||
| 260 | |a Santiago |b Lexis Nexis |c 2007 | ||
| 260 | |a Santiago |b Legal Publishing |c 2007 | ||
| 650 | 0 | |a Seguridad social |9 255322 | |
| 650 | 7 | |a SEGURIDAD E HIGIENE INDUSTRIAL |2 CL-VaPUC |9 525373 | |
| 650 | 0 | |a Código sanitario |9 387494 | |
| 650 | 7 | |a LEGISLACION CHILENA |2 CL-VaPUC |9 404063 | |
| 650 | 0 | |a Código del trabajo |9 255479 | |
| 650 | 0 | |a Servicios de salud |9 326442 | |
| 650 | 0 | |a Dirección del trabajo |9 390580 | |
| 650 | 7 | |a EMPLEADORES |2 CL-VaPUC |9 525374 | |
| 650 | 7 | |a HIGIENE Y SEGURIDAD |2 CL-VaPUC |9 258914 | |
| 650 | 0 | |a Trabajadores |9 260887 | |
| 650 | 7 | |a PREVENCION DE RIESGO |2 CL-VaPUC |9 520748 | |
| 583 | |a last modification |c 20171120 06:38:24 |k Rodrigo Vera | ||
| 999 | |c 327899 |d 327897 | ||
| 952 | |0 0 |1 0 |4 0 |6 344_046500000000000_SEG_2007_2007 |7 0 |8 A |9 411428 |a BIBDER |b BIBDER |d 2019-11-22 |i 4392396 |l 1 |o 344.0465 SEG 2007 2007 |p 4392396 |r 2023-01-25 |s 2022-11-05 |w 2019-11-22 |y BK |k DER | ||